Best Baseball Players In History - Statistics

General Stats
  • This quiz has been taken 712 times
  • The average score is 6 of 10
Answer Stats
Name % Correct
Babe Ruth
99%
Barry Bonds
78%
Hank Aaron
75%
Willie Mays
72%
Mickey Mantle
70%
Ted Williams
60%
Ty Cobb
59%
Lou Gehrig
57%
Jackie Robinson
43%
Albert Pujols
23%
No matching quizzes found
Score Distribution
Percent of People with Each Score
Percentile by Number Answered
Your Score History
You have not taken this quiz